Pounder's marine diesel engines and gas turbines / (Record no. 3119)
[ view plain ]
| 000 -LEADER | |
|---|---|
| fixed length control field | 00391nam a22001337a 4500 |
| 008 - FIXED-LENGTH DATA ELEMENTS--GENERAL INFORMATION | |
| fixed length control field | 200319b ||||| |||| 00| 0 eng d |
| 100 ## - MAIN ENTRY--PERSONAL NAME | |
| Personal name | Woodyard, Doug |
| 9 (RLIN) | 1377 |
| 245 10 - TITLE STATEMENT | |
| Title | Pounder's marine diesel engines and gas turbines / |
| 250 ## - EDITION STATEMENT | |
| Edition statement | 8th ed. |
| 260 ## - PUBLICATION, DISTRIBUTION, ETC. (IMPRINT) | |
| Place of publication, distribution, etc | Oxford : |
| Name of publisher, distributor, etc | Butterworth-Heinnemann, |
| Date of publication, distribution, etc | 2004. |
| 300 ## - PHYSICAL DESCRIPTION | |
| Extent | xxix,884p. |
| 650 #0 - SUBJECT ADDED ENTRY--TOPICAL TERM | |
| Topical term or geographic name as entry element | Marine Diesel Motors |
| 942 ## - ADDED ENTRY ELEMENTS (KOHA) | |
| Item type | Books |
| Withdrawn status | Lost status | Source of classification or shelving scheme | Damaged status | Not for loan | Permanent location | Current location | Date acquired | Source of acquisition | Full call number | Barcode | Date last seen | Cost, replacement price | Koha item type | Cost, normal purchase price |
|---|---|---|---|---|---|---|---|---|---|---|---|---|---|---|
| IMU Kolkata | IMU Kolkata | 2011-01-19 | Shroff Publishers and Distributors | 623.87236 W9128 | 11189 | 2020-03-19 | 995.00 | Books | ||||||
| IMU Kolkata | IMU Kolkata | 2011-01-19 | Shroff Publishers and Distributors | 623.87236 W9128 | 11190 | 2020-03-19 | 995.00 | Books | ||||||
| IMU Kolkata | IMU Kolkata | 2020-07-30 | 15 | 2020-07-30 | 995.00 | Books | 995.00 | |||||||
| IMU Kolkata | IMU Kolkata | 2020-07-30 | 15 | 2020-07-30 | 995.00 | Books | 995.00 |